Lectura correctiva y remedial

Uloženo v:
Podrobná bibliografie
Hlavní autor: Condemarín Grimberg, Mabel (Autor)
Médium: Kniha
Jazyk:španělština
Vydáno: Santiago Andrés Bello 2006
Vydání:6a. ed
Témata:
Tagy: Přidat tag
Žádné tagy, Buďte první, kdo vytvoří štítek k tomuto záznamu!

MARC

LEADER 00000nam a2200000 a 4500
001 UCI9817
003 CL-VaPUC
008 081212e20060000CL |||||||||||||||||spa|d
020 |a 9561314223 
082 0 4 |a 371.9144  |b CON  |2 21 
100 0 |a Condemarín Grimberg, Mabel  |e author  |9 533782 
245 1 0 |a Lectura correctiva y remedial 
250 |a 6a. ed 
300 |a 270 p 
942 |c BK 
945 |d 20081212 00:00:00  |a rbrito 
260 |a Santiago  |b Andrés Bello  |c 2006 
650 7 |a LECTURA CORRECTIVA  |2 CL-VaPUC  |9 309074 
650 0 |a Enseñanza de la lectura  |9 308364 
650 0 |a Lectura  |9 307634 
650 0 |a Comprensión de lectura  |9 307588 
583 |a last modification  |c 20081212 00:00:00  |k Rodrigo Vera 
999 |c 332281  |d 332279 
952 |0 0  |1 0  |4 0  |6 371_914400000000000_CON_2006  |7 0  |8 R  |9 419826  |a BIBEDU  |b BIBEDU  |c MCIRC  |d 2019-11-22  |i 450593K  |l 1  |m 1  |o 371.9144 CON 2006  |p 450593K  |r 2024-10-01  |s 2024-09-16  |w 2019-11-22  |y BK_R  |k EBA